Statistics for Fast Typing 1-30 in 15 Seconds

Click here to take the quiz!

General Stats

  • This quiz has been taken 78 times
  • The average score is 24 of 30

Answer Stats

Answer% Correct
1
100%
3
97%
4
97%
5
97%
6
97%
7
97%
8
97%
9
97%
13
93%
16
93%
2
93%
10
90%
14
90%
15
90%
17
90%
18
90%
11
87%
12
87%
19
87%
20
77%
21
77%
22
73%
23
67%
24
67%
25
57%
26
53%
27
47%
28
47%
30
47%
29
40%

Score Distribution

Percentile by Number Answered

Percent of People with Each Score

Your Score History

You have not taken this quiz